Elenca la formazione - Quiz n°263 - Statistics

Statistiche generali
  • Questo quiz è stato fatto 36 volte
  • Il punteggio medio è 10 su 11
Statistiche sulle risposte
Ruolo Club dell'epoca Calciatore % Corretto
Portiere Bayern Monaco Manuel Neuer
100%
Centrocampista Real Madrid Toni Kroos
100%
Trequartista Bayern Monaco Thomas Müller
97%
Difensore Chelsea Antonio Rüdiger
94%
Centrocampista Bayern Monaco Joshua Kimmich
94%
Difensore Borussia Dortmund Mats Hummels
94%
Attaccante Chelsea Timo Werner
91%
Trequartista Chelsea Kai Havertz
88%
Centrocampista Bayern Monaco Leon Goretzka
88%
Centrocampista Atalanta Robin Gosens
88%
Difensore Borussia Mönchengladbach Matthias Ginter
56%
Nessun quiz corrispondente trovato
Distribuzione punteggi
Percentuale di utenti per punteggio
Percentile per numero di risposta
I tuoi punteggi nel tempo
Non hai fatto questo quiz